Telling God's story : (Record no. 9667)

MARC details
000 -LEADER
fixed length control field 00761nam a22002297a 4500
003 - CONTROL NUMBER IDENTIFIER
control field OSt
005 - DATE AND TIME OF LATEST TRANSACTION
control field 20260422044431.0
008 - FIXED-LENGTH DATA ELEMENTS--GENERAL INFORMATION
fixed length control field 260422b |||||||| |||| 00| 0 eng d
020 ## - INTERNATIONAL STANDARD BOOK NUMBER
International Standard Book Number 971-501-891-2
040 ## - CATALOGING SOURCE
Original cataloging agency DWCL-Main lib
Transcribing agency OC
082 ## - DEWEY DECIMAL CLASSIFICATION NUMBER
Classification number Circ. 266 T239 2001
100 ## - MAIN ENTRY--PERSONAL NAME
Personal name Kroeger, James H. MM
245 ## - TITLE STATEMENT
Title Telling God's story :
Remainder of title national mission congress 2000 resources and documents/
Statement of responsibility, etc. Kroeger, James H. MM
260 ## - PUBLICATION, DISTRIBUTION, ETC.
Place of publication, distribution, etc. QC :
Name of publisher, distributor, etc. Claretian Publications,
Date of publication, distribution, etc. c2001
300 ## - PHYSICAL DESCRIPTION
Extent vii, 140 pages. :
Dimensions 23 cm.
650 ## - SUBJECT ADDED ENTRY--TOPICAL TERM
Topical term or geographic name entry element 1. catholic church-congress-Philippines
650 ## - SUBJECT ADDED ENTRY--TOPICAL TERM
Topical term or geographic name entry element 2. catholic church-missions
650 ## - SUBJECT ADDED ENTRY--TOPICAL TERM
Topical term or geographic name entry element 3. Mission-theory
650 ## - SUBJECT ADDED ENTRY--TOPICAL TERM
Topical term or geographic name entry element 4. Missions-catechesis
650 ## - SUBJECT ADDED ENTRY--TOPICAL TERM
Topical term or geographic name entry element 5. Missions-Philippines
942 ## - ADDED ENTRY ELEMENTS (KOHA)
Source of classification or shelving scheme Dewey Decimal Classification
Koha item type Book Circulation
Classification part Circ.
Suppress in OPAC No
952 ## - LOCATION AND ITEM INFORMATION (KOHA)
--
952 ## - LOCATION AND ITEM INFORMATION (KOHA)
--
Holdings
Withdrawn status Lost status Source of classification or shelving scheme Damaged status Not for loan Home library Current library Shelving location Date acquired Total Checkouts Full call number Barcode Date last seen Copy number Price effective from Koha item type Uniform Resource Identifier
    Dewey Decimal Classification     College Library College Library Circulation 07/18/2003   Circ. 266 T239 2001 CL37762 04/22/2026 c2 04/22/2026 BK-CIRC
    Dewey Decimal Classification     College Library College Library Circulation 07/18/2003   Circ. 266 T239 2001 CL37757 04/22/2026 c1 04/22/2026 BK-CIRC